|
|
|
|
| LEADER |
00000nab a2200000 ar4500 |
| 001 |
vtls010607654 |
| 003 |
SK-MaSNL |
| 005 |
20260305040116.0 |
| 008 |
140701c20130411xo mr|p|||||||000 b|slo |
| 038 |
|
|
|a SNSK
|
| 040 |
|
|
|b slo
|c SNSK
|e AACR2
|
| 041 |
|
|
|a slo
|
| 044 |
|
|
|a xo
|c SK
|
| 080 |
|
|
|a 373.24
|x (437.672)
|2 2001
|
| 080 |
|
|
|a 621.311.1
|2 2001
|
| 080 |
|
|
|a 351.073.527
|2 2001
|
| 100 |
1 |
|
|a Šimoňáková, Mária,
|d 1978-
|4 aut
|9 115064
|
| 245 |
1 |
0 |
|a Škôlku v Žehre odpojili od elektriny
|b obec ani po výzvach nezaplatila
|c Mária Šimoňáková
|
| 300 |
|
|
|b Fotogr.
|
| 610 |
2 |
7 |
|a Druhá Materská škola (Žehra, Slovensko)
|2 snsk
|9 1619475
|
| 650 |
0 |
7 |
|a platby
|2 snsk
|9 395101
|
| 650 |
0 |
7 |
|a odpojenie neplatičov
|2 snsk
|9 1247326
|
| 650 |
0 |
7 |
|a elektrické rozvody
|2 snsk
|9 67472
|
| 651 |
|
7 |
|a Žehra (Slovensko)
|2 snsk
|9 51867
|
| 651 |
|
7 |
|a Spišská Nová Ves (Slovensko : okres)
|2 snsk
|9 22259
|
| 773 |
0 |
|
|t Korzár. Denník Košického kraja
|g Roč. XVI., č. 84 (11.4.2013), s. 5
|x 1335-7590
|
| 852 |
|
|
|a SNSK
|b KIS3GCP
|
| 999 |
|
|
|c 3336733
|d 3338663
|